Σχεδιασμός εφαρμογής φαρμακευτικής περίθαλψης για ηλικιωμένους : διπλωματική εργασία
Στις μέρες μας η αυτόνομη διαβίωση (independent living) των ηλικιωμένων στο σπίτι τους αποτελεί μια πρόκληση για τις δυτικές κοινωνίες. Η διπλωματική εργασία αυτή θα διερευνήσει τις απαιτήσεις των ατόμων της τρίτης ηλικίας με έμφαση την παρακολούθηση της υγείας και της ιατροφαρμακευτικής τους περίθα...
Αποθηκεύτηκε σε:
| Κύριος συγγραφέας: | |
|---|---|
| Συγγραφή απο Οργανισμό/Αρχή: | |
| Άλλοι συγγραφείς: | |
| Μορφή: | Thesis Βιβλίο |
| Γλώσσα: | Greek |
| Δημοσίευση: |
2013
|
| Θέματα: | |
| Διαθέσιμο Online: | http://hdl.handle.net/11610/9056 |
| Ετικέτες: |
Προσθήκη ετικέτας
Δεν υπάρχουν, Καταχωρήστε ετικέτα πρώτοι!
|
MARC
| LEADER | 00000cam a2200000 i 4500 | ||
|---|---|---|---|
| 001 | 1/29158 | ||
| 008 | 130426s2013 gre d | ||
| 035 | |l 10114326 | ||
| 040 | |a GR-MY-UA |b gre |e aacr | ||
| 041 | 0 | |a gre | |
| 082 | 0 | |a 610.285 |2 (22) | |
| 100 | 1 | |a Πανουσιέρη, Άρτεμις. | |
| 245 | 1 | 0 | |a Σχεδιασμός εφαρμογής φαρμακευτικής περίθαλψης για ηλικιωμένους : |b διπλωματική εργασία / |c Πανουσιέρη Άρτεμις ; επιβλέπων καθηγητής: Κουτσαμπάσης Παναγιώτης |
| 260 | |c 2013 | ||
| 300 | |a 102 φύλλα; |b εικ.; |c 30 εκ. | ||
| 500 | |a Διάθεση πλήρους κειμένου περιορισμένης πρόσβασης (μόνο από μέλη του Παν. Αιγαίου), με κλειδωμένη τη δυνατότητα αντιγραφής του κειμένου | ||
| 502 | |a Πτυχιακή εργασία – Πανεπιστήμιο Αιγαίου, Σύρος, 2013. | ||
| 504 | |a Βιβλιογραφία: σ. 83-87 | ||
| 520 | |a Στις μέρες μας η αυτόνομη διαβίωση (independent living) των ηλικιωμένων στο σπίτι τους αποτελεί μια πρόκληση για τις δυτικές κοινωνίες. Η διπλωματική εργασία αυτή θα διερευνήσει τις απαιτήσεις των ατόμων της τρίτης ηλικίας με έμφαση την παρακολούθηση της υγείας και της ιατροφαρμακευτικής τους περίθαλψης σε συνδυασμό με τεχνολογίες που χρησιμοποιούνται για την ανάπτυξη εφαρμογών (applications). Στη συνέχεια, θα δοθεί έμφαση στην προκαταρκτική σχεδίαση σχετικών διαδραστικών προϊόντων και συστημάτων και στην αξιολόγηση τους τόσο από ειδικούς όσο και από δυνητικούς χρήστες σε πραγματικό περιβάλλον. | ||
| 650 | 0 | 0 | |a Older people |x Medical care |x Technological innovations. |
| 650 | 0 | 0 | |a Dissertations, Academic |z Greece. |
| 700 | 1 | |4 ths |a Κουτσαμπάσης, Παναγιώτης. | |
| 710 | 2 | |a Πανεπιστήμιο Αιγαίου. |b Τμήμα Μηχανικών Σχεδίασης Προϊόντων και Συστημάτων. | |
| 852 | |a INST |b SYROS |c DIATR |e 20130426 |h 610.285 ΠΑΝ |p 005500010729 |q 005500010729 |t DIE |y 23 | ||
| 852 | |a INST |b SYROS |c DIATR |e 20130426 |h 610.285 ΠΑΝ |p 005500010730 |q 005500010730 |t DIE |y 23 | ||
| 856 | |u http://hdl.handle.net/11610/9056 | ||
| 901 | |a BIBL5-2012-1 | ||
| 909 | |a Ε |b 174228 | ||
| 909 | |a Ε |b 174229 | ||
| 924 | |a ΠΑΝΟΥΣΙΕΡΗ |b ΑΡΤΕΜΙΣ |y ΣΥΡΟΣ |z 2013-02 | ||
| 970 | |a ΚΟΝΤΟΥ |b ΠΑΡΑΣΚΕΥΗ |z 2013/04/26 | ||